Cajita de sorpresas : expresiones para los mas chiquititos /
Guardado en:
| Formato: | Libro |
|---|---|
| Publicado: |
Buenos Aires :
Centro literario americano,
1975
|
| Edición: | 5a. ed. |
| Materias: | |
| Etiquetas: |
Agregar Etiqueta
Sin Etiquetas, Sea el primero en etiquetar este registro!
|
| LEADER | 00546nam a22001815a 4500 | ||
|---|---|---|---|
| 001 | CEM.cems006797 | ||
| 005 | 20060214000000.0 | ||
| 008 | 130507s1975##################000#0#####d | ||
| 003 | CEMS | ||
| 082 | 0 | 4 | |a 370.15 |
| 245 | 0 | 0 | |a Cajita de sorpresas : |b expresiones para los mas chiquititos / |
| 250 | |a 5a. ed. | ||
| 260 | |a Buenos Aires : |b Centro literario americano, |c 1975 | ||
| 300 | |a 127 p. | ||
| 653 | |a Educacion | ||
| 653 | |a Psicología educativa | ||
| 653 | |a Psicología evolutiva | ||
| 859 | |a CEMS |b BIB. CEMS - 11 de abril |h 370.15 |i C124/IV |p 4306.75 |t Ej.1 | ||
